000 00488nam a22001697a 4500
008 250211b |||||||| |||| 00| 0 eng d
020 _a0824051890
040 _aKABU
_cKABU
050 _aP235
_b.I86 1988
100 _aIto, Junko
245 _aSyllable theory in prosodic phonology /
_cJunko Ito
260 _aNew York:
_bGarland Publishing,
_c1988
300 _a228p.
_bIncludes bibliography
650 _aSyllabication
650 _aProsodic analysis (Linguistics)
942 _2lcc
_cBK
999 _c20643
_d20642